<?xml version="1.0" encoding="UTF-8"?>
<marc:record xmlns:marc="http://www.loc.gov/MARC21/slim">
   <marc:leader>00000nam a2200000 a 4500</marc:leader>
   <marc:datafield ind1="1" ind2=" " tag="100">
      <marc:subfield code="a">Harke, Sylvia</marc:subfield>
      <marc:subfield code="4">aut</marc:subfield>
      <marc:subfield code="e">Verfasser/-in</marc:subfield>
   </marc:datafield>
   <marc:datafield ind1="0" ind2="0" tag="245">
      <marc:subfield code="a">Hochsensibel - was tun?</marc:subfield>
   </marc:datafield>
   <marc:datafield ind1="0" ind2="0" tag="245">
      <marc:subfield code="b">der innere Kompass zu Wohlbefinden und Glück ; mit grundlegenden Infos und zahlreichen Übungen</marc:subfield>
   </marc:datafield>
   <marc:datafield ind1="0" ind2="0" tag="245">
      <marc:subfield code="c">Sylvia Harke</marc:subfield>
   </marc:datafield>
   <marc:datafield ind1=" " ind2="1" tag="264">
      <marc:subfield code="a">Petersberg</marc:subfield>
      <marc:subfield code="b">Verl. Via Nova</marc:subfield>
      <marc:subfield code="c">2014</marc:subfield>
   </marc:datafield>
   <marc:datafield ind1=" " ind2=" " tag="250">
      <marc:subfield code="a">1. Aufl.</marc:subfield>
   </marc:datafield>
   <marc:datafield ind1="1" ind2=" " tag="520">
      <marc:subfield code="a">Angaben aus der Verlagsmeldung

Hochsensibel - Was tun? : Der innere Kompass zu Wohlbefinden und Glück - Mit grundlegenden Infos und zahlreichen Übungen / von Sylvia Harke

Fühlen Sie sich auch manchmal wie von einem anderen Stern? Einfach nicht gemacht für diese Welt? Dann gehören Sie vielleicht auch zu der Gruppe der hochsensiblen Menschen, und dieses Buch kann für Sie zu eine wahren Offenbarung werden. Autorin und Therapeutin Sylvia Harke - selbst einer so genannte „HSP“ (Highly Sensitive Person) – hat dieses Phänomen sehr einfühlsam und tiefgründig erforscht und gibt ganz praktische, konkrete Hilfen für den Alltag. Untermauert mit zahlreichen eindrucksvollen Interviews und Fallbeispielen kann dieses Buch für jeden hochsensiblen Menschen zu einer wertvollen Lebenshilfe werden und gänzlich neue Perspektiven für die eigene Lebensgestaltung eröffnen.
</marc:subfield>
   </marc:datafield>
   <marc:datafield ind1=" " ind2=" " tag="020">
      <marc:subfield code="a">9783866162815</marc:subfield>
      <marc:subfield code="9">9783866162815</marc:subfield>
   </marc:datafield>
   <marc:datafield ind1=" " ind2=" " tag="020">
      <marc:subfield code="a">3866162812</marc:subfield>
      <marc:subfield code="9">3866162812</marc:subfield>
   </marc:datafield>
   <marc:datafield ind1=" " ind2=" " tag="300">
      <marc:subfield code="a">346 S.</marc:subfield>
   </marc:datafield>
</marc:record>
